| 000 | 00387nam a2200157Ia 4500 | ||
|---|---|---|---|
| 008 | 230312s9999||||xx |||||||||||||| ||und|| | ||
| 020 | _a8185814996 | ||
| 082 |
_a612.658 _bSMA-A |
||
| 100 | _aSmarta ,Raja ,A | ||
| 245 | 0 | _aStrategic Pharmaceutical Marketing | |
| 260 |
_bWheeler Publisher _c1994 |
||
| 300 | _a289 | ||
| 546 | _aEng. | ||
| 650 |
_aPharmacy _vPharmaceutics |
||
| 942 | _cBK | ||
| 999 |
_c4740 _d4740 |
||